000 00707nam a2200205 a 4500
001 000020722
003 AM-YEHGA
005 20250618070820.0
008 030329s1904 ai |||||||||||||||||arm d
040 _aAM-YeHGA
041 1 _aarm
_hger
100 1 _aԳյոթե, Յոհան Վոլֆգանգ ֆոն,
_d1749-1832
_94141
245 1 0 _aԷգմոնտ /
_cԳեօթե ; Թարգմ.՝ Յ. Պետրոսեան.
260 _aՎաղարշապատ :
_bՄայր Աթոռ Ս. Էջմիածին,
_c1904.
300 _a122 էջ
650 1 4 _aԳերմանական գրականություն
_95149
700 1 _aՊետրոսյան, Հարություն,
_d1882-1958
_eթարգմ.
_4trl
_91450
942 _cBK
090 _c7450
999 _c7392
_d7392